| 000 | 00375nam a2200145Ia 4500 | ||
|---|---|---|---|
| 008 | 260624s2022 xx 000 0 und d | ||
| 020 | _a9780192871282 | ||
| 041 | _aeng | ||
| 082 | _a614.5 | ||
| 100 | _aDedels Karim | ||
| 245 | _aOxford Textbook of Global Public Health Vol1 | ||
| 250 | _a7th ed | ||
| 260 |
_bOxford Uni Press2022 _c2022 |
||
| 650 | _acommunity Medicine | ||
| 999 |
_c1222952 _d1222952 |
||